<?xml version="1.0" encoding="UTF-8"?><?xml-stylesheet type="text/xsl" href="static/style.xsl"?><OAI-PMH xmlns="http://www.openarchives.org/OAI/2.0/" xmlns:xsi="http://www.w3.org/2001/XMLSchema-instance" xsi:schemaLocation="http://www.openarchives.org/OAI/2.0/ http://www.openarchives.org/OAI/2.0/OAI-PMH.xsd"><responseDate>2026-04-14T07:19:18Z</responseDate><request verb="GetRecord" identifier="oai:www.recercat.cat:10230/25469" metadataPrefix="marc">https://recercat.cat/oai/request</request><GetRecord><record><header><identifier>oai:recercat.cat:10230/25469</identifier><datestamp>2025-12-19T20:26:03Z</datestamp><setSpec>com_2072_6</setSpec><setSpec>col_2072_452954</setSpec></header><metadata><record xmlns="http://www.loc.gov/MARC21/slim" xmlns:dcterms="http://purl.org/dc/terms/" xmlns:xsi="http://www.w3.org/2001/XMLSchema-instance" xmlns:doc="http://www.lyncode.com/xoai" xsi:schemaLocation="http://www.loc.gov/MARC21/slim http://www.loc.gov/standards/marcxml/schema/MARC21slim.xsd">
   <leader>00925njm 22002777a 4500</leader>
   <datafield ind2=" " ind1=" " tag="042">
      <subfield code="a">dc</subfield>
   </datafield>
   <datafield ind2=" " ind1=" " tag="720">
      <subfield code="a">Verdoodt Carazo, Diego</subfield>
      <subfield code="e">author</subfield>
   </datafield>
   <datafield ind2=" " ind1=" " tag="260">
      <subfield code="c">2015-12-18T11:34:06Z</subfield>
   </datafield>
   <datafield ind2=" " ind1=" " tag="260">
      <subfield code="c">2015-12-18T11:34:06Z</subfield>
   </datafield>
   <datafield ind2=" " ind1=" " tag="260">
      <subfield code="c">2015-12-18</subfield>
   </datafield>
   <datafield ind2=" " ind1=" " tag="520">
      <subfield code="a">Treball de fi de grau en Sistemes Audiovisuals</subfield>
   </datafield>
   <datafield ind2=" " ind1=" " tag="520">
      <subfield code="a">Tutor: Julio José Carabias</subfield>
   </datafield>
   <datafield ind2=" " ind1=" " tag="520">
      <subfield code="a">Los entornos de realidad virtual reproducen una realidad alternativa y permiten que el usuario pueda experimentar la sensación de pertenecer a esta. En este proyecto nos centramos en el caso concreto de la música clásica con objeto de permitir al usuario revivir la experiencia de un concierto. Para generar esta experiencia virtual se ha usado la plataforma Google Cardboard para dar soporte visual y técnicas de síntesis binaural, para la parte de audio espacial. Sin embargo, la mayoría de las grabaciones de música clásica disponibles se encuentran en formato CD (estéreo) siendo necesario aplicar técnicas de separación de fuentes para poder recrear como fuentes aisladas los diferentes instrumentos dentro de las escena. En este trabajo, se ha usado un enfoque basado en Non-Negative Matrix Factorization (NMF). Esta técnica basada en la descomposición de señales ha demostrado ser muy útil en muchas aplicaciones de procesado de señal musical. Finalmente, el resultado de combinar técnicas de procesado de señal y audio espacial se integra dentro del prototipo de realidad virtual.</subfield>
   </datafield>
   <datafield ind2=" " ind1=" " tag="520">
      <subfield code="a">Els entorns de realitat virtual reprodueixen una realitat alternativa, i permeten a que/nl’usuari pugui experimentar la sensació de pertànyer a aquesta. En aquest projecte ens/ncentrem en el cas concret de la música clàssica, amb objecte de permetre a l’usuari/nreviure l’experiència d’un concert./nPer a generar aquesta experiència virtual s’ha emprat la plataforma Google Cardboard/nper a donar suport visual i la síntesis binaural, per a la part d’àudio espacial./nNo obstant, la majoria de les gravacions de música clàssica disponibles es troben en/nformat CD (estèreo) sent necessari tècniques de separació de fonts per a poder recrear/nels diferents instruments com a fonts aïllades dins de l’escena. En aquest treball, s’ha fet/nservir un enfoc basat en la Non-Negative Matrix Factorization (NMF). Aquesta tècnica/nbasada en la descomposició de senyals ha demostrat ser molt útil en molts aplicacions/nde processat de senyal musical./nFinalment, el resultat de combinar tècniques de processat de senyal i àudio espacial/ns’integra dins del prototip de realitat virtual.</subfield>
   </datafield>
   <datafield tag="653" ind2=" " ind1=" ">
      <subfield code="a">Realitat virtual</subfield>
   </datafield>
   <datafield tag="653" ind2=" " ind1=" ">
      <subfield code="a">Música</subfield>
   </datafield>
   <datafield tag="653" ind2=" " ind1=" ">
      <subfield code="a">Tractament del senyal</subfield>
   </datafield>
   <datafield ind2="0" ind1="0" tag="245">
      <subfield code="a">Concierto de Música Clásica en Realidad Virtual</subfield>
   </datafield>
</record></metadata></record></GetRecord></OAI-PMH>